00385nam a2200157Ia 4500001000500000005001700005008004100022041000800063082001500071100002700086245006100113260000900174300002800183650000800211654000800219838020260306160605.0260306t2002||||xx |||||||||||||| ||spa|| aESP a370.7bP28 aPatterson, LeslieeAUT 0aLos maestros son investigadores:breflexiones y acciones c2002 a338 páginas :c23 cm. aGEN aCED